000 01112cam a22002531a 4500
001 e 20000198
003 DLC
005 20260227111211.0
008 860723s1919 dcu f000 0 eng c
010 _ae 20000198
035 _a(OCoLC)13919848
040 _aLibrary, U.S. Bur. of Education
_cABAU
_dABAU
_dDLC
042 _apremarc
050 0 0 _aL111
_b.A6 1919, no. 53
100 1 _aOrr, William,
_d1860-1939.
245 1 0 _aEducational work of the Young Men's Christian Associations, 1916-1918 /
_cby William Orr.
260 _aWashington :
_bG.P.O.,
_c1919.
300 _a60 p. ;
_c23 cm.
490 1 _aBulletin / Department of the Interior, Bureau of Education ;
_v1919, no. 53
500 _a"Advance sheets from the Biennial survey of education in the United States, 1916-1918."
501 _aCopies 1 and 2 with: Application of commercial advertising methods to university extension / Mary Burchard Orvis. Washington : Govt. Print. Off., 1919. Bound together subsequent to publication.
_5DLC
610 2 0 _aYMCA of the USA.
830 0 _aBulletin (United States. Bureau of Education) ;
_v1919, no. 53
999 _c20342
_d20342